[Event "XXVII C.to Italiano femminile"]
[Site "Imperia ITA"]
[Date "2000.09.03"]
[Round "1"]
[White "Centofante, Maria Rosa"]
[Black "Capuano, Francesca"]
[Result "0-1"]
[WhiteElo "1377"]
[BlackElo "1756"]
[PlyCount "70"]
[EventDate "2000.09.03"]

1. d4 d5 2. c4 e6 3. Nc3 Be7 4. Nf3 Nf6 5. e3 O-O 6. cxd5 exd5 7. Bd3 b6 8. O-O
Bb7 9. Qc2 Nbd7 10. Re1 c5 11. dxc5 Nxc5 12. Be2 Rc8 13. Bd2 Nce4 14. Qd3 Bd6
15. h3 a6 16. a3 Bb8 17. Rad1 Qd6 18. Nxe4 Nxe4 19. Bc3 Nxc3 20. bxc3 Qxa3 21.
Rc1 h6 22. Ne5 Bxe5 23. c4 Qxd3 24. Bxd3 dxc4 25. Bxc4 b5 26. Be2 Rxc1 27. Rxc1
Rc8 28. Rxc8+ Bxc8 29. Kf1 Bc3 30. Bd3 Be6 31. Ke2 Bc4 32. f4 a5 33. Bxc4 bxc4
34. Kd1 a4 35. Kc2 Bb4 0-1

[Event "XXVII C.to Italiano femminile"]
[Site "Imperia ITA"]
[Date "2000.09.03"]
[Round "1"]
[White "Cucoch, Marisa"]
[Black "Tomba, Patrizia"]
[Result "0-1"]
[WhiteElo "1401"]
[BlackElo "1420"]
[PlyCount "56"]
[EventDate "2000.09.03"]

1. d4 Nf6 2. c4 g6 3. Nc3 Bg7 4. e3 O-O 5. Nf3 d6 6. Be2 Nbd7 7. O-O e5 8. dxe5
dxe5 9. Qc2 c6 10. Bd2 Qe7 11. Rab1 Nc5 12. Ne1 Bf5 13. Nd3 Rad8 14. f3 Bxd3
15. Bxd3 Nxd3 16. a3 e4 17. fxe4 Nxe4 18. Nxe4 Qxe4 19. b4 Qe6 20. c5 Ne5 21.
Rf2 Ng4 22. Re2 Qe5 23. g3 Bh6 24. Rbe1 Qd5 25. Bc1 Ne5 26. e4 Qd4+ 27. Kg2
Bxc1 28. Rxc1 Qd3 0-1

[Event "XXVII C.to Italiano femminile"]
[Site "Imperia ITA"]
[Date "2000.09.03"]
[Round "1"]
[White "Fittante, Giuliana"]
[Black "Bassi, Serena"]
[Result "1-0"]
[WhiteElo "1812"]
[BlackElo "1500"]
[PlyCount "45"]
[EventDate "2000.09.03"]

1. d4 d5 2. Nf3 Nc6 3. Bf4 Bg4 4. Nbd2 e6 5. c3 Nf6 6. e3 a6 7. Qb3 Qb8 8. Bd3
Nd7 9. e4 Bxf3 10. gxf3 Na5 11. Qa4 b6 12. Rg1 f6 13. exd5 exd5 14. Bf5 Qd8 15.
O-O-O g6 16. Rde1+ Be7 17. Be6 c6 18. b4 Nc4 19. Qxc6 Rc8 20. Qxd5 Na3 21. Kb2
Nb5 22. Bf7+ Kf8 23. Bh6# 1-0

[Event "XXVII C.to Italiano femminile"]
[Site "Imperia ITA"]
[Date "2000.09.03"]
[Round "1"]
[White "Santurbano, Maria Vincenza"]
[Black "Arnetta, Maria Teresa"]
[Result "0-1"]
[WhiteElo "1735"]
[BlackElo "1831"]
[PlyCount "70"]
[EventDate "2000.09.03"]

1. d4 Nf6 2. c4 e6 3. Nc3 Bb4 4. a3 Bxc3+ 5. bxc3 c5 6. e3 Qa5 7. Qc2 Nc6 8.
Nf3 d6 9. Bd3 e5 10. d5 Ne7 11. Nd2 Qc7 12. a4 O-O 13. O-O Ng6 14. f4 exf4 15.
exf4 Re8 16. Nf3 Bg4 17. f5 Nf8 18. Bg5 Bxf3 19. Rxf3 N8d7 20. Rg3 Kh8 21. Rf1
Re5 22. Bf4 Re7 23. Qf2 Nh5 24. Rh3 Nxf4 25. Qxf4 f6 26. Qh4 Nf8 27. Be4 Rae8
28. Bf3 Re3 29. Bh5 R8e4 30. g4 Rxh3 31. Qxh3 Qe7 32. Qg3 Re3 33. Qf2 Re2 34.
Qf4 Nd7 35. g5 fxg5 0-1

[Event "XXVII C.to Italiano femminile"]
[Site "Imperia ITA"]
[Date "2000.09.04"]
[Round "2"]
[White "Bassi, Serena"]
[Black "Cucoch, Marisa"]
[Result "0-1"]
[WhiteElo "1500"]
[BlackElo "1401"]
[PlyCount "90"]
[EventDate "2000.09.03"]

1. e4 d6 2. d4 Nf6 3. Nc3 g6 4. Bc4 Bg7 5. Nf3 O-O 6. h3 c6 7. e5 dxe5 8. Nxe5
Bf5 9. O-O e6 10. Bg5 Qb6 11. Rb1 Ne4 12. Bh4 Bxe5 13. dxe5 Qc5 14. Bd3 Nxc3
15. bxc3 Bxd3 16. Qxd3 Qxe5 17. Rxb7 Qd5 18. c4 Qxd3 19. cxd3 Na6 20. d4 h6 21.
Bf6 g5 22. Re1 Rfb8 23. Rb3 Rxb3 24. axb3 Nb4 25. Re3 Kh7 26. g4 Kg6 27. Be5
Rd8 28. Rf3 f5 29. gxf5+ exf5 30. Rg3 Nc2 31. Rd3 Ne1 32. Re3 Nc2 33. Rd3 f4
34. d5 cxd5 35. Rxd5 Rxd5 36. cxd5 Kf5 37. Bb8 a6 38. d6 Ke6 39. Kg2 Nd4 40. b4
Nc6 41. Bc7 Nxb4 42. Kf3 Nc6 43. Ke4 a5 44. Kd3 a4 45. Kc4 Ne5+ 0-1

[Event "XXVII C.to Italiano femminile"]
[Site "Imperia ITA"]
[Date "2000.09.04"]
[Round "2"]
[White "Capuano, Francesca"]
[Black "Arnetta, Maria Teresa"]
[Result "1/2-1/2"]
[WhiteElo "1756"]
[BlackElo "1831"]
[PlyCount "22"]
[EventDate "2000.09.03"]

1. d4 Nf6 2. Nf3 e6 3. Bg5 c5 4. e3 d5 5. Nbd2 Nbd7 6. c3 b6 7. Bd3 Be7 8. O-O
h6 9. Bh4 Bb7 10. Be2 O-O 11. Ne5 Ne4 1/2-1/2

[Event "XXVII C.to Italiano femminile"]
[Site "Imperia ITA"]
[Date "2000.09.04"]
[Round "2"]
[White "Centofante, Maria Rosa"]
[Black "Sirletti, Sonia"]
[Result "0-1"]
[WhiteElo "1377"]
[BlackElo "1834"]
[PlyCount "58"]
[EventDate "2000.09.03"]

1. d4 Nf6 2. c4 g6 3. Nf3 Bg7 4. Nc3 O-O 5. e4 d6 6. Bd3 e5 7. d5 a5 8. O-O h6
9. h3 Na6 10. a3 Bd7 11. Be3 Nh7 12. Nh2 f5 13. f4 exf4 14. Bxf4 g5 15. Be3 f4
16. Bf2 Nf6 17. Be2 Qe8 18. Bf3 Qg6 19. Ng4 Rae8 20. Nxf6+ Bxf6 21. Bh5 Qg7 22.
Bxe8 Rxe8 23. Qf3 Be5 24. Kh1 g4 25. hxg4 Bxg4 26. Qd3 Qg6 27. g3 Qh5+ 28. Kg1
Bf3 29. Be1 Qh1+ 0-1

[Event "XXVII C.to Italiano femminile"]
[Site "Imperia ITA"]
[Date "2000.09.04"]
[Round "2"]
[White "Tomba, Patrizia"]
[Black "Santurbano, Maria Vincenza"]
[Result "0-1"]
[WhiteElo "1420"]
[BlackElo "1735"]
[PlyCount "62"]
[EventDate "2000.09.03"]

1. e4 c5 2. d4 cxd4 3. c3 d5 4. e5 dxc3 5. Nxc3 e6 6. Nf3 Bc5 7. Bb5+ Bd7 8.
O-O Bxb5 9. Nxb5 a6 10. Nc3 Nc6 11. Qe2 Nge7 12. Rd1 Qc7 13. Bf4 Ng6 14. Bg3
O-O 15. Rac1 Qe7 16. a3 Rac8 17. Rc2 Rfd8 18. b4 Ba7 19. b5 axb5 20. Nxb5 Bc5
21. a4 d4 22. Nd6 Bxd6 23. exd6 Qf6 24. Re1 d3 25. Qxd3 Nb4 26. Qe4 Nxc2 27.
Rb1 Na3 28. Rxb7 Rc1+ 29. Ne1 Nc2 30. f3 Nxe1 31. Bxe1 Rxd6 0-1

[Event "XXVII C.to Italiano femminile"]
[Site "Imperia ITA"]
[Date "2000.09.05"]
[Round "3"]
[White "Arnetta, Maria Teresa"]
[Black "Tomba, Patrizia"]
[Result "1-0"]
[WhiteElo "1831"]
[BlackElo "1420"]
[PlyCount "42"]
[EventDate "2000.09.03"]

1. e4 e5 2. Nf3 Nc6 3. Bc4 Bc5 4. c3 Nf6 5. d4 exd4 6. cxd4 Bb4+ 7. Nc3 Nxe4 8.
O-O Nxc3 9. bxc3 Bxc3 10. Qb3 Bxa1 11. Bxf7+ Kf8 12. Bg5 Nxd4 13. Qa3+ Kxf7 14.
Bxd8 Rxd8 15. Ng5+ Kg8 16. Qd3 g6 17. Rxa1 Nc6 18. Qd5+ Kg7 19. Qf7+ Kh6 20. h4
Rh8 21. Qf6 Rg8 1-0

[Event "XXVII C.to Italiano femminile"]
[Site "Imperia ITA"]
[Date "2000.09.05"]
[Round "3"]
[White "Fittante, Giuliana"]
[Black "Centofante, Maria Rosa"]
[Result "1-0"]
[WhiteElo "1812"]
[BlackElo "1377"]
[PlyCount "103"]
[EventDate "2000.09.03"]

1. d4 Nf6 2. Nf3 d5 3. Bg5 e6 4. e3 Nbd7 5. Bd3 c5 6. c3 Be7 7. Nbd2 a6 8. O-O
O-O 9. Rc1 b5 10. e4 dxe4 11. Nxe4 Nxe4 12. Bxe4 Ra7 13. Bf4 Bb7 14. Bb1 Nf6
15. Re1 Bd6 16. Bg5 h6 17. Bh4 Ba8 18. Qd3 g6 19. dxc5 Be7 20. Qe3 Kg7 21. b4
Nd5 22. Bxe7 Qxe7 23. Qe5+ Qf6 24. a3 Rd8 25. Qxf6+ Nxf6 26. Nd4 Rc7 27. Ba2
Bd5 28. Bxd5 Nxd5 29. Rxe6 fxe6 30. Nxe6+ Kf6 31. Nxd8 Ke7 32. Rd1 Rd7 33. Nc6+
Ke6 34. Nd4+ Ke7 35. Re1+ Kd8 36. Nc6+ Kc7 37. Ne5 Re7 38. Nf3 Rxe1+ 39. Nxe1
Nxc3 40. Nc2 h5 41. h4 Kc6 42. g3 Nb1 43. Kg2 Nd2 44. f3 Nc4 45. Kf2 a5 46.
Nd4+ Kd5 47. Nxb5 axb4 48. axb4 Ne5 49. Ke3 Kc4 50. Na7 Kxb4 51. c6 Nc4+ 52.
Kf4 1-0

[Event "XXVII C.to Italiano femminile"]
[Site "Imperia ITA"]
[Date "2000.09.05"]
[Round "3"]
[White "Santurbano, Maria Vincenza"]
[Black "Bassi, Serena"]
[Result "1-0"]
[WhiteElo "1735"]
[BlackElo "1500"]
[PlyCount "29"]
[EventDate "2000.09.03"]

1. e4 e5 2. Nf3 Nf6 3. Nc3 Bc5 4. Nxe5 Qe7 5. d4 d6 6. Nxf7 Qxf7 7. dxc5 dxc5
8. Be3 b6 9. Qd2 O-O 10. O-O-O Nc6 11. f3 Be6 12. Nd5 Nxd5 13. exd5 Rad8 14.
dxe6 Rxd2 15. exf7+ 1-0

[Event "XXVII C.to Italiano femminile"]
[Site "Imperia ITA"]
[Date "2000.09.05"]
[Round "3"]
[White "Sirletti, Sonia"]
[Black "Capuano, Francesca"]
[Result "1/2-1/2"]
[WhiteElo "1834"]
[BlackElo "1756"]
[PlyCount "53"]
[EventDate "2000.09.03"]

1. d4 d5 2. c4 e6 3. Nc3 Be7 4. Nf3 Nf6 5. Bg5 O-O 6. e3 h6 7. Bxf6 Bxf6 8. Rc1
c6 9. Bd3 Nd7 10. cxd5 exd5 11. O-O a5 12. a3 Be7 13. Rb1 Nf6 14. h3 Be6 15. b4
axb4 16. axb4 Bd6 17. Qc2 Qe7 18. b5 Bd7 19. bxc6 bxc6 20. Rb7 Rfb8 21. Rxb8+
Rxb8 22. Rc1 Ba3 23. Rb1 Rxb1+ 24. Nxb1 Bd6 25. Nbd2 c5 26. dxc5 Bxc5 27. Nd4
1/2-1/2

[Event "XXVII C.to Italiano femminile"]
[Site "Imperia ITA"]
[Date "2000.09.06"]
[Round "4"]
[White "Bassi, Serena"]
[Black "Arnetta, Maria Teresa"]
[Result "0-1"]
[WhiteElo "1500"]
[BlackElo "1831"]
[PlyCount "39"]
[EventDate "2000.09.03"]

1. e4 c5 2. Nc3 e6 3. Nf3 Nc6 4. d4 cxd4 5. Nxd4 a6 6. Bc4 Bb4 7. Nxc6 bxc6 8.
O-O d5 9. exd5 cxd5 10. Bb3 Nf6 11. Bg5 O-O 12. Qd4 Be7 13. Rfe1 Rb8 14. Rad1
h6 15. Bf4 Rb4 16. Qd2 Bd6 17. Bxd6 Qxd6 18. a3 Rh4 19. g3 Rg4 20. f3 0-1

[Event "XXVII C.to Italiano femminile"]
[Site "Imperia ITA"]
[Date "2000.09.06"]
[Round "4"]
[White "Centofante, Maria Rosa"]
[Black "Cucoch, Marisa"]
[Result "1/2-1/2"]
[WhiteElo "1377"]
[BlackElo "1401"]
[PlyCount "118"]
[EventDate "2000.09.03"]

1. d4 Nf6 2. c4 d6 3. Nc3 g6 4. e4 Bg7 5. Nf3 O-O 6. Be2 c6 7. O-O Qc7 8. Bf4
Nh5 9. Be3 e5 10. dxe5 dxe5 11. Rc1 Rd8 12. Qc2 Bg4 13. h3 Bxf3 14. Bxf3 Nf4
15. Rfd1 Na6 16. a3 Qe7 17. Ne2 Qg5 18. Nxf4 exf4 19. Rxd8+ Rxd8 20. Bxa7 c5
21. Bb6 Rd6 22. Ba5 b6 23. Bc3 Bxc3 24. Qxc3 f6 25. Rc2 Nc7 26. Rd2 Re6 27.
Rd8+ Kf7 28. Qd3 Qe5 29. b4 h5 30. Rd7+ Ke8 31. Rd8+ Kf7 32. Bd1 Qxe4 33. Rd7+
Kf8 34. Qxe4 Rxe4 35. Kf1 Ne6 36. Bc2 Rxc4 37. Bxg6 cxb4 38. axb4 Rxb4 39. Rf7+
Kg8 40. Rxf6 Nc5 41. Bxh5 Nd3 42. Ke2 Ne5 43. Rd6 Kg7 44. g3 fxg3 45. fxg3 Rb3
46. Re6 Rb2+ 47. Ke3 Nc4+ 48. Kd4 b5 49. Be8 Rb3 50. Rg6+ Kh7 51. h4 Nd2 52. h5
Nf3+ 53. Kc5 Ne5 54. Rb6 Rxg3 55. Rxb5 Rg8 56. Rb7+ Kh6 57. Re7 Nd3+ 58. Kd6
Nf4 59. Bf7 Rg5 1/2-1/2

[Event "XXVII C.to Italiano femminile"]
[Site "Imperia ITA"]
[Date "2000.09.06"]
[Round "4"]
[White "Sirletti, Sonia"]
[Black "Fittante, Giuliana"]
[Result "1/2-1/2"]
[WhiteElo "1834"]
[BlackElo "1812"]
[PlyCount "41"]
[EventDate "2000.09.03"]

1. d4 d5 2. c4 e6 3. Nc3 Nf6 4. Bg5 Nbd7 5. e3 Be7 6. Nf3 c5 7. Qc2 O-O 8. Bd3
dxc4 9. Bxc4 Nd5 10. Bxe7 Qxe7 11. O-O Nxc3 12. Qxc3 Re8 13. Rfd1 e5 14. dxc5
Nxc5 15. Bb5 Bd7 16. Bxd7 Nxd7 17. Qc7 Nb6 18. Rac1 Kf8 19. Nxe5 Rac8 20. Qxe7+
Kxe7 21. g3 1/2-1/2

[Event "XXVII C.to Italiano femminile"]
[Site "Imperia ITA"]
[Date "2000.09.06"]
[Round "5"]
[White "Cucoch, Marisa"]
[Black "Sirletti, Sonia"]
[Result "0-1"]
[WhiteElo "1401"]
[BlackElo "1834"]
[PlyCount "92"]
[EventDate "2000.09.03"]

1. d4 Nf6 2. c4 g6 3. Nc3 Bg7 4. e4 d6 5. Bd3 O-O 6. Nge2 e5 7. dxe5 dxe5 8. h3
c6 9. Be3 Be6 10. Qd2 Na6 11. a3 Qe7 12. Ng3 Rfd8 13. Qe2 Nc5 14. Bc2 a5 15.
O-O Ne8 16. Nd1 Nd7 17. b3 Nd6 18. Nb2 Bf6 19. Na4 b5 20. cxb5 cxb5 21. Nc5
Nxc5 22. Bxc5 Qc7 23. Bxd6 Rxd6 24. Rad1 Rc8 25. Rxd6 Qxd6 26. a4 bxa4 27. bxa4
Bc4 28. Rd1 Qc6 29. Qd2 Be6 30. Rc1 Bb3 31. Bxb3 Qxc1+ 32. Qxc1 Rxc1+ 33. Kh2
Rb1 34. Bd5 Bh4 35. Nh1 Rb4 36. g3 Be7 37. Kg2 Rxa4 38. f3 Rd4 39. Kf2 Rd1 40.
Kg2 Bc5 41. Bb3 Rd2+ 42. Kf1 Rd3 43. Bc2 Rxf3+ 44. Ke2 Ra3 45. Bd3 Ra1 46. Nf2
Ra2+ 0-1

[Event "XXVII C.to Italiano femminile"]
[Site "Imperia ITA"]
[Date "2000.09.06"]
[Round "5"]
[White "Santurbano, Maria Vincenza"]
[Black "Centofante, Maria Rosa"]
[Result "1-0"]
[WhiteElo "1735"]
[BlackElo "1377"]
[PlyCount "59"]
[EventDate "2000.09.03"]

1. d4 Nf6 2. c4 d5 3. cxd5 Qxd5 4. Nc3 Qa5 5. Bd2 Qb6 6. Nf3 Qxb2 7. Rb1 Qa3 8.
Nb5 Qxa2 9. Nxc7+ Kd8 10. Nxa8 Nc6 11. Qb3 Qxb3 12. Rxb3 b6 13. Bf4 Nd5 14. e3
Bb7 15. Nxb6 Nxb6 16. Ng5 Ke8 17. Bb5 e6 18. O-O Be7 19. Rfb1 h6 20. Ne4 Kd7
21. Nc5+ Bxc5 22. dxc5 Nc8 23. Rd1+ Ke7 24. Rbd3 Ba8 25. e4 e5 26. Bxc6 Bxc6
27. Bxe5 f6 28. Bg3 Bxe4 29. Re3 f5 30. f3 1-0

[Event "XXVII C.to Italiano femminile"]
[Site "Imperia ITA"]
[Date "2000.09.06"]
[Round "5"]
[White "Tomba, Patrizia"]
[Black "Bassi, Serena"]
[Result "1-0"]
[WhiteElo "1420"]
[BlackElo "1500"]
[PlyCount "69"]
[EventDate "2000.09.03"]

1. e4 e5 2. Nf3 Nc6 3. Bb5 d6 4. h3 Bd7 5. O-O Nf6 6. Re1 Be7 7. c3 O-O 8. d4
exd4 9. cxd4 a6 10. Ba4 Re8 11. Nbd2 b5 12. Bc2 Nb4 13. Bb1 Rc8 14. a3 Nc6 15.
Qc2 g6 16. Nf1 Na5 17. Ba2 d5 18. exd5 Bf5 19. Qd1 Nxd5 20. b4 Nb7 21. Bb2 Nf4
22. Ng3 Nd3 23. Re2 Nxb2 24. Rxb2 Nd6 25. Ne5 Bf6 26. Nxf5 Bxe5 27. Nh6+ Kg7
28. dxe5 Nc4 29. Bxc4 bxc4 30. Qxd8 Rcxd8 31. Ng4 h5 32. Ne3 c3 33. Rc2 Rd3 34.
Rac1 Rxe5 35. Rxc3 1-0

[Event "XXVII C.to Italiano femminile"]
[Site "Imperia ITA"]
[Date "2000.09.07"]
[Round "6"]
[White "Capuano, Francesca"]
[Black "Bassi, Serena"]
[Result "1-0"]
[WhiteElo "1756"]
[BlackElo "1500"]
[PlyCount "127"]
[EventDate "2000.09.03"]

1. d4 Nf6 2. Nf3 g6 3. Bg5 Bg7 4. Nbd2 O-O 5. e4 d6 6. c3 Bg4 7. Qc2 Nbd7 8. h3
Bxf3 9. Nxf3 Re8 10. O-O-O c6 11. e5 dxe5 12. Nxe5 Qa5 13. Bxf6 Nxf6 14. Qb3 e6
15. Bd3 Reb8 16. Kb1 Qd5 17. Qxd5 cxd5 18. Rhe1 Rd8 19. g4 Nd7 20. Nf3 a6 21.
Re2 Re8 22. Rde1 Rad8 23. Nd2 Re7 24. f4 Rde8 25. Nf3 Kh8 26. Ne5 Nxe5 27. fxe5
Rf8 28. h4 f5 29. exf6 Rxf6 30. g5 Rf3 31. Kc2 Ref7 32. Rxe6 Rf2+ 33. R1e2
Rxe2+ 34. Rxe2 Kg8 35. Rh2 Bf8 36. h5 gxh5 37. Rxh5 Rg7 38. g6 hxg6 39. Rxd5 g5
40. Rd8 g4 41. Bc4+ Rf7 42. Bxf7+ Kxf7 43. Rd5 g3 44. Rg5 Bd6 45. Kd3 Bf4 46.
Rg4 Bd6 47. Ke4 Kf6 48. Kf3 Kf5 49. Rxg3 Bxg3 50. Kxg3 Ke4 51. Kg4 b5 52. a3 a5
53. b4 a4 54. Kg5 Kd5 55. Kf5 Kd6 56. Ke4 Ke6 57. d5+ Kd6 58. Kd4 Kd7 59. c4
bxc4 60. Kxc4 Kd6 61. b5 Kc7 62. Kc5 Kb7 63. d6 Kc8 64. Kc6 1-0

[Event "XXVII C.to Italiano femminile"]
[Site "Imperia ITA"]
[Date "2000.09.07"]
[Round "6"]
[White "Centofante, Maria Rosa"]
[Black "Arnetta, Maria Teresa"]
[Result "0-1"]
[WhiteElo "1377"]
[BlackElo "1831"]
[PlyCount "38"]
[EventDate "2000.09.03"]

1. d4 Nf6 2. c4 e6 3. Nc3 Bb4 4. Qc2 c5 5. e3 Nc6 6. Nf3 d5 7. a3 Qa5 8. Bd2
cxd4 9. exd4 Bxc3 10. bxc3 O-O 11. cxd5 exd5 12. Be2 Re8 13. c4 Qd8 14. Be3 Ng4
15. Bf4 Qf6 16. Bg5 Nxd4 17. Qxh7+ Kxh7 18. Bxf6 Rxe2+ 19. Kf1 Rxf2+ 0-1

[Event "XXVII C.to Italiano femminile"]
[Site "Imperia ITA"]
[Date "2000.09.07"]
[Round "6"]
[White "Fittante, Giuliana"]
[Black "Cucoch, Marisa"]
[Result "1-0"]
[WhiteElo "1812"]
[BlackElo "1401"]
[PlyCount "77"]
[EventDate "2000.09.03"]

1. d4 Nf6 2. Nf3 g6 3. Bf4 d6 4. Nbd2 Bg7 5. e4 O-O 6. h3 c6 7. Bd3 Nbd7 8. c3
b5 9. O-O Nb6 10. Re1 a5 11. Qe2 Ra7 12. Qe3 Nfd7 13. Bh6 f6 14. Bxg7 Kxg7 15.
Rac1 e5 16. c4 bxc4 17. Nxc4 Nxc4 18. Rxc4 Qb6 19. dxe5 Qxe3 20. exf6+ Rxf6 21.
Rxe3 Ne5 22. Nxe5 dxe5 23. Rc5 Be6 24. a3 Rb7 25. Re2 Rb3 26. Bb1 Rb5 27. Rxc6
h5 28. Bd3 Rb3 29. Ba6 Bf7 30. Rxf6 Kxf6 31. Rd2 Rb6 32. Bc8 Bc4 33. Bd7 Ba6
34. Ba4 Bb7 35. f3 Kg5 36. Kf2 h4 37. Rc2 Kf4 38. b3 Rd6 39. Bb5 1-0

[Event "XXVII C.to Italiano femminile"]
[Site "Imperia ITA"]
[Date "2000.09.07"]
[Round "6"]
[White "Sirletti, Sonia"]
[Black "Santurbano, Maria Vincenza"]
[Result "0-1"]
[WhiteElo "1834"]
[BlackElo "1735"]
[PlyCount "84"]
[EventDate "2000.09.03"]

1. d4 Nf6 2. c4 g6 3. Nc3 d5 4. Nf3 Bg7 5. Bg5 Ne4 6. cxd5 Nxg5 7. Nxg5 e5 8.
Nf3 e4 9. Nxe4 Qxd5 10. Nc3 Qd6 11. e3 O-O 12. Qb3 c6 13. Bc4 b5 14. Be2 a6 15.
Ne4 Qe7 16. Nc5 Nd7 17. Rc1 Nxc5 18. Rxc5 Be6 19. Qc2 Bd5 20. O-O Rfe8 21. a4
Rad8 22. axb5 axb5 23. b4 h6 24. h3 Qe6 25. Qb2 Ra8 26. Rc2 Ra4 27. Ra1 Rea8
28. Rxa4 Rxa4 29. Qc3 Bf8 30. Rb2 Bd6 31. Ne1 Ra2 32. Rc2 Ra4 33. Nd3 Qe7 34.
Nc5 Qg5 35. Bf1 Bxc5 36. dxc5 Qh4 37. Rd2 Qxb4 38. Qxb4 Rxb4 39. Rc2 Rb1 40. f3
Bc4 41. Rxc4 bxc4 42. Kf2 c3 0-1

[Event "XXVII C.to Italiano femminile"]
[Site "Imperia ITA"]
[Date "2000.09.08"]
[Round "7"]
[White "Arnetta, Maria Teresa"]
[Black "Sirletti, Sonia"]
[Result "1-0"]
[WhiteElo "1831"]
[BlackElo "1834"]
[PlyCount "71"]
[EventDate "2000.09.03"]

1. e4 d6 2. d4 Nf6 3. Nc3 g6 4. f3 c6 5. Be3 Qa5 6. Qd2 b5 7. e5 b4 8. exf6
bxc3 9. bxc3 e6 10. Bd3 Nd7 11. Ne2 Nxf6 12. Bh6 Ba6 13. O-O Bxd3 14. cxd3 Bxh6
15. Qxh6 Qh5 16. Qf4 Ke7 17. Rab1 Rab8 18. Ng3 Qa5 19. Ne4 Nxe4 20. fxe4 f5 21.
Qh4+ Kd7 22. Rxb8 Rxb8 23. Qxh7+ Kc8 24. Qg8+ Kc7 25. Qf7+ Kd8 26. Qf8+ Kc7 27.
Qe7+ Kc8 28. Qxe6+ Kc7 29. Qf7+ Kc8 30. Qxg6 Qxa2 31. Qxf5+ Kc7 32. e5 Rb1 33.
exd6+ Kxd6 34. h4 Qe2 35. c4 Rb2 36. Qe5+ 1-0

[Event "XXVII C.to Italiano femminile"]
[Site "Imperia ITA"]
[Date "2000.09.08"]
[Round "7"]
[White "Cucoch, Marisa"]
[Black "Capuano, Francesca"]
[Result "0-1"]
[WhiteElo "1401"]
[BlackElo "1756"]
[PlyCount "84"]
[EventDate "2000.09.03"]

1. d4 d5 2. c4 e6 3. Nc3 Be7 4. Nf3 Nf6 5. e3 O-O 6. Bd3 b6 7. O-O Bb7 8. cxd5
exd5 9. Ne5 Nbd7 10. f4 Ne4 11. Qh5 Ndf6 12. Qf3 c5 13. Ne2 Nd7 14. Bxe4 dxe4
15. Qf2 f6 16. Nxd7 Qxd7 17. f5 Bd6 18. Rd1 Qc7 19. g4 g5 20. Bd2 Ba6 21. Rac1
Bxh2+ 22. Qxh2 Qxh2+ 23. Kxh2 Bxe2 24. Rg1 Rac8 25. Kg3 Bf3 26. dxc5 bxc5 27.
b3 Rfd8 28. Rc2 Rd7 29. b4 c4 30. Bc3 Kg7 31. Bd4 h5 32. gxh5 Bxh5 33. Rgc1 Bf7
34. Rh2 Rc6 35. b5 Rcd6 36. Rc3 Rc7 37. Rd2 Rd5 38. Bxf6+ Kxf6 39. Rxd5 Bxd5
40. Kg4 Bf7 41. a4 Rd7 42. a5 Rb7 0-1

[Event "XXVII C.to Italiano femminile"]
[Site "Imperia ITA"]
[Date "2000.09.08"]
[Round "7"]
[White "Santurbano, Maria Vincenza"]
[Black "Fittante, Giuliana"]
[Result "1/2-1/2"]
[WhiteElo "1735"]
[BlackElo "1812"]
[PlyCount "98"]
[EventDate "2000.09.03"]

1. d4 Nf6 2. c4 c5 3. d5 b5 4. cxb5 a6 5. Nc3 axb5 6. g3 b4 7. Nb5 Ba6 8. e4
Qa5 9. a4 Nxe4 10. Qf3 b3+ 11. Kd1 Bxb5 12. Bxb5 Nd6 13. Bd2 Qb6 14. Bd3 c4 15.
Be4 Qd4 16. Bb1 Ra5 17. Ne2 Qxd5 18. Qxd5 Rxd5 19. Nc3 Rh5 20. a5 Na6 21. h4 e6
22. Bg5 Be7 23. g4 Rxg5 24. hxg5 Bxg5 25. Ra4 h6 26. Re1 O-O 27. Ne2 Rc8 28. f4
Bf6 29. Nc3 Nb7 30. g5 hxg5 31. fxg5 Bxg5 32. Ne4 Be7 33. Rh1 f5 34. Nd2 d5 35.
Re1 Kf7 36. Kc1 Bb4 37. Rxb4 Nxb4 38. Nf3 Nxa5 39. Nd4 Kf6 40. Rxe6+ Kf7 41.
Bxf5 Nd3+ 42. Kb1 Nf4 43. Ra6 Re8 44. Kc1 Nb7 45. Nc6 Re1+ 46. Kd2 Re2+ 47. Kc1
Re1+ 48. Kd2 Re2+ 49. Kc1 Re1+ 1/2-1/2

[Event "XXVII C.to Italiano femminile"]
[Site "Imperia ITA"]
[Date "2000.09.08"]
[Round "7"]
[White "Tomba, Patrizia"]
[Black "Centofante, Maria Rosa"]
[Result "1-0"]
[WhiteElo "1420"]
[BlackElo "1377"]
[PlyCount "91"]
[EventDate "2000.09.03"]

1. e4 d5 2. exd5 Qxd5 3. Nc3 Qa5 4. Nf3 Nf6 5. Be2 c6 6. O-O e6 7. d3 Bd6 8.
Bd2 Qc7 9. Ne4 Nxe4 10. dxe4 O-O 11. Bc3 Nd7 12. Re1 e5 13. a4 Nf6 14. Bc4 Bg4
15. Qd3 Rad8 16. Qe3 a5 17. h3 Bh5 18. Nh4 b6 19. Qg3 Bg6 20. Nxg6 hxg6 21.
Qxg6 Nh7 22. Re3 Kh8 23. Qh5 g6 24. Qe2 Kg8 25. Rg3 Nf6 26. Rxg6+ Kh7 27. Rxf6
Kg7 28. Rf5 Rg8 29. Rxf7+ Qxf7 30. Bxf7 Kxf7 31. Qh5+ Ke6 32. Qf5+ Ke7 33. Bxe5
Bxe5 34. Qxe5+ Kd7 35. Rd1+ Kc8 36. Rxd8+ Rxd8 37. Qe6+ Kc7 38. Qe7+ Rd7 39.
Qxd7+ Kxd7 40. e5 Ke6 41. f4 Kf5 42. g3 b5 43. h4 b4 44. h5 c5 45. h6 Kg6 46.
e6 1-0

[Event "XXVII C.to Italiano femminile"]
[Site "Imperia ITA"]
[Date "2000.09.09"]
[Round "8"]
[White "Centofante, Maria Rosa"]
[Black "Bassi, Serena"]
[Result "1-0"]
[WhiteElo "1377"]
[BlackElo "1500"]
[PlyCount "51"]
[EventDate "2000.09.03"]

1. d4 Nf6 2. Nf3 g6 3. c4 Bg7 4. Nc3 O-O 5. e4 d6 6. Be2 c5 7. d5 Nbd7 8. O-O
Re8 9. Bf4 a6 10. Rb1 Nh5 11. Be3 Ne5 12. Nd2 Nf6 13. h3 h6 14. f4 Ned7 15. Nf3
e6 16. Qd2 exd5 17. exd5 Ne4 18. Nxe4 Rxe4 19. Bd3 Re8 20. f5 Ne5 21. Nxe5 Bxe5
22. fxg6 fxg6 23. Bxg6 Re7 24. Bxh6 Bd4+ 25. Kh1 Qd7 26. Rf8# 1-0

[Event "XXVII C.to Italiano femminile"]
[Site "Imperia ITA"]
[Date "2000.09.09"]
[Round "8"]
[White "Cucoch, Marisa"]
[Black "Santurbano, Maria Vincenza"]
[Result "0-1"]
[WhiteElo "1401"]
[BlackElo "1735"]
[PlyCount "58"]
[EventDate "2000.09.03"]

1. d4 e5 2. dxe5 Nc6 3. Nf3 Qe7 4. Bg5 Qb4+ 5. Nbd2 Qxb2 6. e3 Nb4 7. Nd4 c6 8.
Bc4 b5 9. Rb1 Qa3 10. Nxb5 cxb5 11. Bxf7+ Kxf7 12. Qf3+ Kg6 13. Qxa8 Nxc2+ 14.
Kd1 Kxg5 15. h4+ Kh5 16. Qxc8 Bc5 17. Kxc2 Nf6 18. Qxh8 Nd5 19. Nb3 Qxa2+ 20.
Rb2 Qa4 21. Kb1 Qe4+ 22. Ka1 Qa4+ 23. Kb1 Nc3+ 24. Kc1 Ba3 25. Qg8 Qe4 26. Rh3
Qb1+ 27. Kd2 Qxb2+ 28. Kd3 Bb4 29. Nd2 Nd1 0-1

[Event "XXVII C.to Italiano femminile"]
[Site "Imperia ITA"]
[Date "2000.09.09"]
[Round "8"]
[White "Fittante, Giuliana"]
[Black "Arnetta, Maria Teresa"]
[Result "1-0"]
[WhiteElo "1812"]
[BlackElo "1831"]
[PlyCount "85"]
[EventDate "2000.09.03"]

1. d4 Nf6 2. Nf3 e6 3. Bg5 c5 4. e3 d5 5. c3 Be7 6. Bd3 Nbd7 7. Nbd2 b6 8. O-O
h6 9. Bh4 O-O 10. Rc1 Bb7 11. h3 Rc8 12. Ne5 Nxe5 13. dxe5 Nd7 14. Bg3 c4 15.
Bb1 Nc5 16. Qg4 a5 17. Rcd1 Qc7 18. Bf4 Bg5 19. Bxg5 hxg5 20. Qxg5 f6 21. Qg6
Nd3 22. Bxd3 cxd3 23. Nf3 Qf7 24. Qxd3 f5 25. Ng5 Qd7 26. Qd4 Rc5 27. Qh4 g6
28. Qh6 Rc6 29. Qxg6+ Qg7 30. Qxg7+ Kxg7 31. f4 Kg6 32. Rd4 b5 33. a4 Ba6 34.
Ra1 Rc4 35. axb5 Bxb5 36. Nxe6 Rb8 37. Rxd5 Bc6 38. Rd2 Be4 39. Rxa5 Rg8 40.
Ng5 Bb7 41. Rd6+ Kh5 42. Rd7 Rb8 43. Ra7 1-0

[Event "XXVII C.to Italiano femminile"]
[Site "Imperia ITA"]
[Date "2000.09.09"]
[Round "8"]
[White "Sirletti, Sonia"]
[Black "Tomba, Patrizia"]
[Result "1-0"]
[WhiteElo "1834"]
[BlackElo "1420"]
[PlyCount "44"]
[EventDate "2000.09.03"]

1. d4 e5 2. dxe5 Nc6 3. Nf3 Qe7 4. e4 Nxe5 5. Nc3 c6 6. Nxe5 Qxe5 7. f4 Qc7 8.
Be3 Bb4 9. Qd4 Bxc3+ 10. Qxc3 Nf6 11. O-O-O O-O 12. e5 Ne8 13. Bc5 b6 14. Bxf8
Kxf8 15. Qh3 Kg8 16. Bd3 g6 17. Qh6 d6 18. f5 dxe5 19. fxg6 hxg6 20. h4 Ng7 21.
h5 Nf5 22. Bxf5 Bxf5 1-0